Návrh dizajnu distribučného kanálu pre vybraný produkt diplomová práca

Salvato in:
Dettagli Bibliografici
Autore principale: Mikuška, Pavel
Ente Autore: Obchodná fakulta EU. Katedra marketingu
Altri autori: Drábik, Peter, 1981-
Natura: Libro
Lingua:slovacco
Pubblicazione: Bratislava 2016
Tags: Aggiungi Tag
Nessun Tag, puoi essere il primo ad aggiungerne!!

MARC

LEADER 00000nbm a2200000 4500
001 0216721
005 20170112111946.2
041 0 |a slo 
044 |a SK 
245 1 0 |a Návrh dizajnu distribučného kanálu pre vybraný produkt  |b diplomová práca  |c Pavel Mikuška ; školiteľ: Peter Drábik 
264 1 |a Bratislava  |c 2016 
300 |a 63 s. 
100 1 |a Mikuška, Pavel 
700 1 |a Drábik, Peter, 1981- 
710 2 |a Obchodná fakulta EU. Katedra marketingu